000 00263nam a22001217a 4500
008 170712b xxu||||| |||| 00| 0 eng d
041 _aeng
080 _a038
100 _a22
101 _aFJA
245 _aFAMILY WORD FINDER
_cFLEXNER.S.B
942 _2udc
_cBK
999 _c20358
_d20358